00631 2200241 4500001002100000005001700021008004100038020001800079035002400097090001800121100002000139245004600159250001100205260003100216300002400247500002900271650002300300850001500323980001500338985000600353999001500359999001500374YOGYA-0209000003579720090227025043.0 ind  a979-497-131-6 0010-020900000035797 a634bRuk BlT aRukmana, Rahmat aBudidaya semangka hibridacRahmat Rukmana aCet. 4 aYogyakartabKanisiusc1998 a74 hlmbilusc21 cm aBibliografi : hlm. 67-70 aSemangka, Budidaya aYOPDYOG(B) a01-12-2006 a2 a00P0003617 a00P0003619